CIFA technical paper; N.29 Small water bodies and their fisheries in Southern Africa

Salvato in:
Dettagli Bibliografici
Autore principale: B Marshall
Natura: Libro
Lingua:Undetermined
Pubblicazione: Rome FAO 1994
Soggetti:
Tags: Aggiungi Tag
Nessun Tag, puoi essere il primo ad aggiungerne! !
Thư viện lưu trữ: Trung tâm Học liệu Trường Đại học Cần Thơ
LEADER 00559nam a2200193Ia 4500
001 CTU_29109
008 210402s9999 xx 000 0 und d
082 |a 639 
082 |b C569/N.29 
100 |a B Marshall 
245 0 |a CIFA technical paper; N.29 
245 0 |b Small water bodies and their fisheries in Southern Africa 
245 0 |c B Marshall, CIFA, FAO, M Maes 
260 |a Rome 
260 |b FAO 
260 |c 1994 
650 |a fisheries 
904 |i Nguyễn Quang Điền, 990311 
980 |a Trung tâm Học liệu Trường Đại học Cần Thơ